| 000 | 00741nas a2200229 i 4500 | ||
|---|---|---|---|
| 003 | DO-SdBNP | ||
| 005 | 20251217114415.0 | ||
| 007 | ta | ||
| 008 | 251210d1981 dr dn|p|r||||||0| | spa d | ||
| 040 |
_aDO-SdBNP _bspa _cBNPHU _erda |
||
| 041 | _aspa | ||
| 245 |
_aÚltima hora : _bdiario independiente de la tarde. |
||
| 264 |
_aSanto Domingo, República Dominicana : _bEditora Corripio, _c1970-. |
||
| 300 |
_avolumen : _bilustraciones, fotografías ; _c39 cm. |
||
| 310 | _aDiario. | ||
| 336 |
_atexto _btxt _2rdacontent |
||
| 337 |
_asin mediación _bn _2rdamedia |
||
| 338 |
_avolumen _bnc _2rdacarrier |
||
| 362 | _aAño 1, No. 1, marzo 1970. | ||
| 650 | 0 |
_aDiarios dominicanos _vPublicaciones periódicas _91041 |
|
| 942 |
_2ddc _cISSUE |
||
| 999 |
_c60096 _d60096 |
||